LEADER 01058cam0 2200325 450 001 000003219 005 20090209101926.0 010 $a88-15-05668-8 100 $a20011025d1996----km-y0itay50------ba 101 0 $aita 102 $aIT 105 $aa-------001yy 200 1 $aStoria dell'amministrazione italiana$e1861-1993$fGuido Melis 210 $aBologna$cIl Mulino$dc1996 215 $a592 p.$ctab.$d22 cm 225 2 $a<>vie della civiltà 410 0$12001$a<>vie della civiltà 500 10$aStoria dell'amministrazione italiana$952522 610 1 $aItalia$aAmministrazione pubblica$aStoria$a1861-1993 610 1 $aStoria economica 676 $a350.945 676 $a350.000945$v20$9Amministrazione pubblica. Italia 700 1$aMelis,$bGuido$0133439 801 0$aIT$bUNIPARTHENOPE$gRICA$2UNIMARC 912 $a000003219 951 $a350-S/1$b34986$cNAVA1$d20011218 951 $a040S/123$b9537$cNAVA2$d20011108 951 $aB-0041$b34983$cNAVA3 996 $aStoria dell'amministrazione italiana$952522 997 $aUNIPARTHENOPE LEADER 01073nam 2200325Ia 450 001 996392002603316 005 20200824132119.0 035 $a(CKB)1000000000673310 035 $a(EEBO)2248511286 035 $a(OCoLC)ocm15273649e 035 $a(OCoLC)15273649 035 $a(EXLCZ)991000000000673310 100 $a19870305d1655 uy 1 101 0 $aeng 135 $aurbn||||a|bb| 200 10$aParthenissa$hThe second part$b[electronic resource] $ea romance in four parts : dedicated to the Lady Northumberland and the Lady Sunderland 210 $aLondon $cPrinted for Humphrey Moseley and are to be sold at his shop ...$d1655 215 $a[14], 412 p 300 $aAttributed to Orrery by Wing. 300 $aImperfect: print show-through. 300 $aReproduction of original in the Huntington Library. 330 $aeebo-0113 700 $aOrrery$b Roger Boyle$cEarl of,$f1621-1679.$028582 801 0$bEAK 801 1$bEAK 801 2$bWaOLN 906 $aBOOK 912 $a996392002603316 996 $aParthenissa$92317724 997 $aUNISA